000 00493nam a2200181Ia 4500
008 151202s9999||||xx |||||||||||||| ||und||
082 _bPNVM-15734
100 _aBUNYAN JOHN.
245 _aGRACE ABOUNDING TO THE CHIEF OF SINNERS.
260 _b"J.M. DENT, LONDON."
260 _c0
300 _a304
600 _aBUNYAN JOHN.
630 _aGRACE ABOUNDING TO THE CHIEF OF SINNERS.
700 _aBUNYAN JOHN.
730 _aGRACE ABOUNDING TO THE CHIEF OF SINNERS.
942 _cBOOK
999 _c1281719
_d1281716